000
002550000a22000970004500
100
1
_a
Margalith, Othoniel
245
1
0
_a
The legends of Samson / Heracles
300
_a
Vol. 37, Num 1 (Enero, 1987), Páginas 63-70
773
0
_t
Vetus Testamentum
942
_c
ANA
999
_c
57281
_d
57281